| Поле | Название | Значение |
| |
Тип записи |
c |
| |
Библиографический уровень |
m |
| 001 |
Контрольный номер |
RU/IS/BASE/513523866 |
| 005 |
Дата корректировки |
20250325104513.5 |
| 010 |
Индекс ISBN |
__ |
| 9 |
Тираж |
25000 экз. |
| 013 |
Номер (ISMN) |
__ |
| d |
Цена |
1 р. 24 к. |
| 100 |
Данные общей обработки |
__ |
| a |
Данные общей обработки |
20160409d1967 u y0rusy0189 ca |
| 101 |
Язык документа |
0_ |
| a |
Язык текста |
rus |
| f |
Язык титульного листа |
rus |
| 102 |
Страна публикации |
__ |
| a |
Страна публикации |
RU |
| 105 |
Кодированные данные (монография) |
__ |
| a |
Кодированные данные (монография) |
y###||||000|y |
| 125 |
Кодированные данные звукозаписи и нотных изданий |
__ |
| a |
Форма изложения нотного текста |
с| |
| 128 |
Кодированные данные (звукозаписи-физические характеристики) |
__ |
| a |
Кодированные данные: Музыкальная форма и тональность или лад |
zz |
| b |
Инструменты или голоса, необходимые для ансамблей (устаревшее) |
kt|| |
| c |
Инструменты или голоса, рекомендуемые для солистов (устаревшее) |
kt|| |
| 200 |
Заглавие и сведения об ответственности |
1_ |
| a |
Заглавие |
Вып. 19 |
| e |
Сведения, относящиеся к заглавию |
сб. произведений для баяна [ансамблей баянов] |
| f |
Первые сведения об ответственности |
[предисл. изд.] |
| 210 |
Выходные данные |
1_ |
| d |
Дата издания |
1967 |
| 215 |
Физическое описание |
__ |
| a |
Объем |
155 с. |
| 327 |
Примечание о содержании |
11 |
| a |
Примечание о содержании |
Содерж. : Вдоль по Питерской ; В прибрежном колхозе : эст. песня / обраб. А. Шалаева. - Азербайджанский народный танец ; Киргизский танец ; Кепурине : литов. нар. танец ; Кок-пар : каз. нар. танец ; Грузинский народный танец / обраб. А. Суханова. - Танец с тарелочками : узб. нар. танец ; Колокольчики : тадж. нар. танец ; Комузгу : кирг. нар. танец ; Танец девушек : узб. нар. танец / обраб. О. Звонарева. - Латышская полька ; Вариации на тему русской народной песни "Наш березник листоватый" ; Ранги : арм. нар. танец ; Бульба : белорус. нар. танец / обраб. В. Мотова. - Бэтута : молд. нар. танец ; Ой, листочек, ой, лозинка! : молд. нар. песня / обраб. Б. Маруги. - Наигрыши на сибирские темы ; Крыжачок ; Украинская полька / обраб. А. Полудницына. - Вариации на тему украинской народной песни "Ой, за гаем, гаем" / обраб. В. Власова. - Бибиджан : туркм. нар. танец / обраб. Н. Комиссарова. - Гармошечка : кадриль / обраб. В. Корнева. - Грузинский хороводный танец / обраб. М. Парцхаладзе. |
| 461 |
Уровень набора |
_0 |
| 1 |
|
001RU/IS/BASE/513343390 |
| 1 |
|
200 |
| a |
|
Играй, мой баян |
| b |
|
[Ноты] |
| v |
|
Вып. 19 |
| 1 |
|
210 |
| a |
|
М. |
| c |
|
Воениздат |
| d |
|
[1956] - |
| 464 |
Аналитический уровень |
_0 |
| 1 |
|
2001 |
| a |
|
Вдоль по Питерской |
| 1 |
|
702 1 |
| a |
|
Шалаев |
| b |
|
А. |
| 4 |
|
030 |
| 464 |
Аналитический уровень |
_0 |
| 1 |
|
2001 |
| a |
|
В прибрежном колхозе |
| e |
|
эст. песня |
| 1 |
|
702 1 |
| a |
|
Шалаев |
| b |
|
А. |
| 4 |
|
030 |
| 464 |
Аналитический уровень |
_0 |
| 1 |
|
2001 |
| a |
|
Азербайджанский народный танец |
| 1 |
|
702 1 |
| a |
|
Суханов |
| b |
|
А. |
| 4 |
|
030 |
| 464 |
Аналитический уровень |
_0 |
| 1 |
|
2001 |
| a |
|
Киргизский танец |
| 1 |
|
702 1 |
| a |
|
Суханов |
| b |
|
А. |
| 4 |
|
030 |
| 464 |
Аналитический уровень |
_0 |
| 1 |
|
2001 |
| a |
|
Кепурине |
| e |
|
литов. нар. танец |
| 1 |
|
702 1 |
| a |
|
Суханов |
| b |
|
А. |
| 4 |
|
030 |
| 464 |
Аналитический уровень |
_0 |
| 1 |
|
2001 |
| a |
|
Кок-пар |
| e |
|
каз. нар. танец |
| 1 |
|
702 1 |
| a |
|
Суханов |
| b |
|
А. |
| 4 |
|
030 |
| 464 |
Аналитический уровень |
_0 |
| 1 |
|
2001 |
| a |
|
Грузинский народный танец |
| 1 |
|
702 1 |
| a |
|
Суханов |
| b |
|
А. |
| 4 |
|
030 |
| 464 |
Аналитический уровень |
_0 |
| 1 |
|
2001 |
| a |
|
Танец с тарелочками |
| e |
|
узб. нар. танец |
| 1 |
|
702 1 |
| a |
|
Звонарев |
| b |
|
О. |
| 4 |
|
030 |
| 464 |
Аналитический уровень |
_0 |
| 1 |
|
2001 |
| a |
|
Колокольчики |
| e |
|
тадж. нар. танец |
| 1 |
|
702 1 |
| a |
|
Звонарев |
| b |
|
О. |
| 4 |
|
030 |
| 464 |
Аналитический уровень |
_0 |
| 1 |
|
2001 |
| a |
|
Комузгу |
| e |
|
кирг. нар. танец |
| 1 |
|
702 1 |
| a |
|
Звонарев |
| b |
|
О. |
| 4 |
|
030 |
| 464 |
Аналитический уровень |
_0 |
| 1 |
|
2001 |
| a |
|
Танец девушек |
| e |
|
узб. нар. танец |
| 1 |
|
702 1 |
| a |
|
Звонарев |
| b |
|
О. |
| 4 |
|
030 |
| 464 |
Аналитический уровень |
_0 |
| 1 |
|
2001 |
| a |
|
Латышская полька |
| 1 |
|
702 1 |
| a |
|
Мотов |
| b |
|
В. |
| 4 |
|
030 |
| 464 |
Аналитический уровень |
_0 |
| 1 |
|
2001 |
| a |
|
Ранги |
| e |
|
арм. нар. танец |
| 1 |
|
702 1 |
| a |
|
Мотов |
| b |
|
В. |
| 4 |
|
030 |
| 464 |
Аналитический уровень |
_0 |
| 1 |
|
2001 |
| a |
|
Бульба |
| e |
|
белорус. нар. танец |
| 1 |
|
702 1 |
| a |
|
Мотов |
| b |
|
В. |
| 4 |
|
030 |
| 464 |
Аналитический уровень |
_0 |
| 1 |
|
2001 |
| a |
|
Бэтута |
| e |
|
молд. нар. танец |
| 1 |
|
702 1 |
| a |
|
Маруга |
| b |
|
Б. |
| 4 |
|
030 |
| 464 |
Аналитический уровень |
_0 |
| 1 |
|
2001 |
| a |
|
Ой, листочек, ой, лозинка! |
| e |
|
молд. нар. песня |
| 1 |
|
702 1 |
| a |
|
Маруга |
| b |
|
Б. |
| 4 |
|
030 |
| 464 |
Аналитический уровень |
_0 |
| 1 |
|
2001 |
| a |
|
Наигрыши на сибирские темы |
| 1 |
|
702 1 |
| a |
|
Полудницын |
| b |
|
А. |
| 4 |
|
030 |
| 464 |
Аналитический уровень |
_0 |
| 1 |
|
2001 |
| a |
|
Крыжачок |
| 1 |
|
702 1 |
| a |
|
Полудницын |
| b |
|
А. |
| 4 |
|
030 |
| 464 |
Аналитический уровень |
_0 |
| 1 |
|
2001 |
| a |
|
Украинская полька |
| 1 |
|
702 1 |
| a |
|
Полудницын |
| b |
|
А. |
| 4 |
|
030 |
| 464 |
Аналитический уровень |
_0 |
| 1 |
|
2001 |
| a |
|
Вариации на тему украинской народной песни "Ой, за гаем, гаем" |
| 1 |
|
702 1 |
| a |
|
Власов |
| b |
|
В. |
| 4 |
|
030 |
| 1 |
|
50010 |
| a |
|
Ой, за гаем, гаем |
| 464 |
Аналитический уровень |
_0 |
| 1 |
|
2001 |
| a |
|
Бибиджан |
| e |
|
туркм. нар. танец |
| 1 |
|
702 1 |
| a |
|
Комиссаров |
| b |
|
Н. |
| 4 |
|
030 |
| 464 |
Аналитический уровень |
_0 |
| 1 |
|
2001 |
| a |
|
Гармошечка |
| e |
|
кадриль |
| 1 |
|
702 1 |
| a |
|
Корнев |
| b |
|
В. |
| 4 |
|
030 |
| 464 |
Аналитический уровень |
_0 |
| 1 |
|
2001 |
| a |
|
Грузинский хороводный танец |
| 1 |
|
702 1 |
| a |
|
Парцхаладзе |
| b |
|
М. |
| 4 |
|
030 |
| 512 |
Заглавие обложки |
1_ |
| a |
Заглавие обложки |
Играй, мой баян |
| 606 |
Тематические рубрики |
0_ |
| a |
Основная рубрика |
Баян |
| x |
Основная подрубрика |
Ансамбли баянов |
| x |
Основная подрубрика |
Танцы |
| 610 |
Ключевые слова |
0_ |
| a |
Ключевые слова |
ансамбли баянов |
| 610 |
Ключевые слова |
0_ |
| a |
Ключевые слова |
баян |
| 610 |
Ключевые слова |
0_ |
| a |
Ключевые слова |
танцы народов СССР |
| 686 |
Индексы других классификаций |
__ |
| a |
Классификационный индекс |
85.952.456я43 |
| 2 |
Код системы |
rubbk |
| 801 |
Источник записи |
_0 |
| a |
Страна |
RU |
| b |
Организация |
Ульяновская ОНБ |
| c |
Дата составления |
20160409 |
| g |
Правила каталогизации |
RCR |
| 801 |
Источник записи |
_1 |
| a |
Страна |
RU |
| b |
Организация |
Ульяновская ОНБ |
| c |
Дата составления |
20160409 |
| g |
Правила каталогизации |
RCR |
| 901 |
Тип документа |
__ |
| t |
Тип документа |
n |
| w |
Контрольный № источника |
RU/IS/BASE/513343390 |
| 909 |
Создатель записи |
__ |
| a |
Создатель записи |
Никитина Т. А. |
| 910 |
Корректоры записи |
__ |
| a |
Корректор записи |
Васина |
| 938 |
Служебная информация |
__ |
| a |
Имя БД |
noti |
| b |
Имя библиотеки |
УОНБ |
| c |
Имя АИБС |
МАРК-SQL |
| d |
Номер DOC_ID в БД |
14510 |